<?xml version="1.0" encoding="UTF-8"?>
<record
    xmlns:xsi="http://www.w3.org/2001/XMLSchema-instance"
    xsi:schemaLocation="http://www.loc.gov/MARC21/slim http://www.loc.gov/standards/marcxml/schema/MARC21slim.xsd"
    xmlns="http://www.loc.gov/MARC21/slim">

  <leader>00398nam a22001577a 4500</leader>
  <controlfield tag="005">20241107160303.0</controlfield>
  <controlfield tag="008">241107b        |||||||| |||| 00| 0 eng d</controlfield>
  <datafield tag="020" ind1=" " ind2=" ">
    <subfield code="a">978-93-6109-973-1</subfield>
  </datafield>
  <datafield tag="041" ind1=" " ind2=" ">
    <subfield code="a">eng</subfield>
  </datafield>
  <datafield tag="100" ind1=" " ind2=" ">
    <subfield code="a">Bangali, J. A.</subfield>
    <subfield code="9">209040</subfield>
  </datafield>
  <datafield tag="245" ind1=" " ind2=" ">
    <subfield code="a">Principles of Analog Electronics - I  ( F.Y.B.Sc. Comp.)</subfield>
  </datafield>
  <datafield tag="250" ind1=" " ind2=" ">
    <subfield code="a">1st ed.</subfield>
  </datafield>
  <datafield tag="260" ind1=" " ind2=" ">
    <subfield code="a">Pune</subfield>
    <subfield code="b">Nirali</subfield>
  </datafield>
  <datafield tag="300" ind1=" " ind2=" ">
    <subfield code="a">6.22</subfield>
  </datafield>
  <datafield tag="942" ind1=" " ind2=" ">
    <subfield code="c">BK</subfield>
  </datafield>
  <datafield tag="999" ind1=" " ind2=" ">
    <subfield code="c">362141</subfield>
    <subfield code="d">362141</subfield>
  </datafield>
  <datafield tag="952" ind1=" " ind2=" ">
    <subfield code="0">0</subfield>
    <subfield code="1">0</subfield>
    <subfield code="2">ddc</subfield>
    <subfield code="4">0</subfield>
    <subfield code="7">0</subfield>
    <subfield code="a">SSMM</subfield>
    <subfield code="b">SSMM</subfield>
    <subfield code="d">2024-11-07</subfield>
    <subfield code="e">Nirali</subfield>
    <subfield code="g">150.00</subfield>
    <subfield code="i">P 66572</subfield>
    <subfield code="l">9</subfield>
    <subfield code="p">SSMM-BK-31961</subfield>
    <subfield code="r">2025-11-28 14:04:28</subfield>
    <subfield code="s">2025-11-26</subfield>
    <subfield code="w">2024-11-07</subfield>
    <subfield code="y">BK</subfield>
    <subfield code="z">010031961</subfield>
  </datafield>
  <datafield tag="952" ind1=" " ind2=" ">
    <subfield code="0">0</subfield>
    <subfield code="1">0</subfield>
    <subfield code="2">ddc</subfield>
    <subfield code="4">0</subfield>
    <subfield code="7">0</subfield>
    <subfield code="a">SSMM</subfield>
    <subfield code="b">SSMM</subfield>
    <subfield code="d">2024-11-07</subfield>
    <subfield code="e">Nirali</subfield>
    <subfield code="g">150.00</subfield>
    <subfield code="i">P 66572</subfield>
    <subfield code="l">11</subfield>
    <subfield code="p">SSMM-BK-31962</subfield>
    <subfield code="r">2025-11-29 15:57:36</subfield>
    <subfield code="s">2025-11-26</subfield>
    <subfield code="w">2024-11-07</subfield>
    <subfield code="y">BK</subfield>
    <subfield code="z">010031962</subfield>
  </datafield>
  <datafield tag="952" ind1=" " ind2=" ">
    <subfield code="0">0</subfield>
    <subfield code="1">0</subfield>
    <subfield code="2">ddc</subfield>
    <subfield code="4">0</subfield>
    <subfield code="7">0</subfield>
    <subfield code="a">SSMM</subfield>
    <subfield code="b">SSMM</subfield>
    <subfield code="d">2024-11-07</subfield>
    <subfield code="e">Nirali</subfield>
    <subfield code="g">150.00</subfield>
    <subfield code="i">P 66572</subfield>
    <subfield code="l">10</subfield>
    <subfield code="p">SSMM-BK-31963</subfield>
    <subfield code="r">2025-11-29 13:55:01</subfield>
    <subfield code="s">2025-11-25</subfield>
    <subfield code="w">2024-11-07</subfield>
    <subfield code="y">BK</subfield>
    <subfield code="z">010031963</subfield>
  </datafield>
  <datafield tag="952" ind1=" " ind2=" ">
    <subfield code="0">0</subfield>
    <subfield code="1">0</subfield>
    <subfield code="2">ddc</subfield>
    <subfield code="4">0</subfield>
    <subfield code="7">0</subfield>
    <subfield code="a">SSMM</subfield>
    <subfield code="b">SSMM</subfield>
    <subfield code="d">2024-11-07</subfield>
    <subfield code="e">Nirali</subfield>
    <subfield code="g">150.00</subfield>
    <subfield code="i">P 66572</subfield>
    <subfield code="l">11</subfield>
    <subfield code="p">SSMM-BK-31964</subfield>
    <subfield code="r">2025-11-29 16:03:49</subfield>
    <subfield code="s">2025-11-26</subfield>
    <subfield code="w">2024-11-07</subfield>
    <subfield code="y">BK</subfield>
    <subfield code="z">010031964</subfield>
  </datafield>
  <datafield tag="952" ind1=" " ind2=" ">
    <subfield code="0">0</subfield>
    <subfield code="1">0</subfield>
    <subfield code="2">ddc</subfield>
    <subfield code="4">0</subfield>
    <subfield code="7">0</subfield>
    <subfield code="a">SSMM</subfield>
    <subfield code="b">SSMM</subfield>
    <subfield code="d">2024-11-07</subfield>
    <subfield code="e">Nirali</subfield>
    <subfield code="g">150.00</subfield>
    <subfield code="i">P 66572</subfield>
    <subfield code="l">6</subfield>
    <subfield code="p">SSMM-BK-31965</subfield>
    <subfield code="r">2025-11-28 15:47:07</subfield>
    <subfield code="s">2025-11-26</subfield>
    <subfield code="w">2024-11-07</subfield>
    <subfield code="y">BK</subfield>
    <subfield code="z">010031965</subfield>
  </datafield>
  <datafield tag="952" ind1=" " ind2=" ">
    <subfield code="0">0</subfield>
    <subfield code="1">0</subfield>
    <subfield code="2">ddc</subfield>
    <subfield code="4">0</subfield>
    <subfield code="7">0</subfield>
    <subfield code="a">SSMM</subfield>
    <subfield code="b">SSMM</subfield>
    <subfield code="d">2024-11-07</subfield>
    <subfield code="e">Nirali</subfield>
    <subfield code="g">150.00</subfield>
    <subfield code="i">P 66572</subfield>
    <subfield code="l">4</subfield>
    <subfield code="p">SSMM-BK-31966</subfield>
    <subfield code="r">2025-12-29 11:40:16</subfield>
    <subfield code="s">2025-11-06</subfield>
    <subfield code="w">2024-11-07</subfield>
    <subfield code="y">BK</subfield>
    <subfield code="z">010031966</subfield>
  </datafield>
  <datafield tag="952" ind1=" " ind2=" ">
    <subfield code="0">0</subfield>
    <subfield code="1">0</subfield>
    <subfield code="2">ddc</subfield>
    <subfield code="4">0</subfield>
    <subfield code="7">0</subfield>
    <subfield code="a">SSMM</subfield>
    <subfield code="b">SSMM</subfield>
    <subfield code="d">2024-11-07</subfield>
    <subfield code="e">Nirali</subfield>
    <subfield code="g">150.00</subfield>
    <subfield code="i">P 66572</subfield>
    <subfield code="l">12</subfield>
    <subfield code="p">SSMM-BK-31967</subfield>
    <subfield code="r">2025-11-29 09:17:40</subfield>
    <subfield code="s">2025-11-24</subfield>
    <subfield code="w">2024-11-07</subfield>
    <subfield code="y">BK</subfield>
    <subfield code="z">010031967</subfield>
  </datafield>
  <datafield tag="952" ind1=" " ind2=" ">
    <subfield code="0">0</subfield>
    <subfield code="1">0</subfield>
    <subfield code="2">ddc</subfield>
    <subfield code="4">0</subfield>
    <subfield code="7">0</subfield>
    <subfield code="a">SSMM</subfield>
    <subfield code="b">SSMM</subfield>
    <subfield code="d">2024-11-07</subfield>
    <subfield code="e">Nirali</subfield>
    <subfield code="g">150.00</subfield>
    <subfield code="i">P 66572</subfield>
    <subfield code="l">8</subfield>
    <subfield code="p">SSMM-BK-31968</subfield>
    <subfield code="r">2025-11-28 16:21:36</subfield>
    <subfield code="s">2025-10-31</subfield>
    <subfield code="w">2024-11-07</subfield>
    <subfield code="y">BK</subfield>
    <subfield code="z">010031968</subfield>
  </datafield>
  <datafield tag="952" ind1=" " ind2=" ">
    <subfield code="0">0</subfield>
    <subfield code="1">0</subfield>
    <subfield code="2">ddc</subfield>
    <subfield code="4">0</subfield>
    <subfield code="7">0</subfield>
    <subfield code="a">SSMM</subfield>
    <subfield code="b">SSMM</subfield>
    <subfield code="d">2024-11-07</subfield>
    <subfield code="e">Nirali</subfield>
    <subfield code="g">150.00</subfield>
    <subfield code="i">P 66572</subfield>
    <subfield code="l">8</subfield>
    <subfield code="p">SSMM-BK-31969</subfield>
    <subfield code="r">2025-11-28 16:21:48</subfield>
    <subfield code="s">2025-11-26</subfield>
    <subfield code="w">2024-11-07</subfield>
    <subfield code="y">BK</subfield>
    <subfield code="z">010031969</subfield>
  </datafield>
  <datafield tag="952" ind1=" " ind2=" ">
    <subfield code="0">0</subfield>
    <subfield code="1">0</subfield>
    <subfield code="2">ddc</subfield>
    <subfield code="4">0</subfield>
    <subfield code="7">0</subfield>
    <subfield code="a">SSMM</subfield>
    <subfield code="b">SSMM</subfield>
    <subfield code="d">2024-11-07</subfield>
    <subfield code="e">Nirali</subfield>
    <subfield code="g">150.00</subfield>
    <subfield code="i">P 66572</subfield>
    <subfield code="l">1</subfield>
    <subfield code="p">SSMM-BK-31970</subfield>
    <subfield code="q">2024-11-28</subfield>
    <subfield code="r">2024-11-21 00:00:00</subfield>
    <subfield code="s">2024-11-21</subfield>
    <subfield code="w">2024-11-07</subfield>
    <subfield code="y">BK</subfield>
    <subfield code="z">010031970</subfield>
  </datafield>
</record>
